Southville International School and Colleges
Your cart is empty.
  • Cart
  • Lists
    Public lists Eva Luna New books Lux_list list_1
    Your lists Log in to create your own lists
  • Log in to your account
  • Your cookies
  • Search history
Southville International School and Colleges
  • Advanced search
  • Recent comments
  • Most popular
  • Libraries

Log in to your account

Log in with GOOGLE


If you do not have an external account, but do have a local account, you can still log in:

  1. Home
  2. MARC view: Romeo & Juliet /
Normal view MARC view ISBD view

Romeo & Juliet / (Record no. 109267)

[ view plain ]
MARC details
000 -LEADER
fixed length control field 00695nam a2200217 a 4500
005 - DATE AND TIME OF LATEST TRANSACTION
control field 20140414093840.0
008 - FIXED-LENGTH DATA ELEMENTS--GENERAL INFORMATION
fixed length control field 071002s19uu xx 00 eng d
050 ## - LIBRARY OF CONGRESS CALL NUMBER
Classification number DVD 820
Item number SHA 2002
100 ## - MAIN ENTRY--PERSONAL NAME
Personal name Shakespeare, William
245 ## - TITLE STATEMENT
Title Romeo & Juliet /
Statement of responsibility, etc William Shakespear.
250 ## - EDITION STATEMENT
Edition statement Special Ed.
260 ## - PUBLICATION, DISTRIBUTION, ETC. (IMPRINT)
Place of publication, distribution, etc Sl :
Name of publisher, distributor, etc 20th Century Fox,
Date of publication, distribution, etc c2002.
300 ## - PHYSICAL DESCRIPTION
Extent 1 (video disk)
520 ## - SUMMARY, ETC.
Summary, etc Summary: The Brilliant and Contemporary re-telling of the most tragic love affair of Romeo and Juliet.
650 ## - SUBJECT ADDED ENTRY--TOPICAL TERM
Topical term or geographic name as entry element Shakespear, William, 1564-1616
General subdivision Adaptations.
650 ## - SUBJECT ADDED ENTRY--TOPICAL TERM
Topical term or geographic name as entry element Film adaptations.
650 ## - SUBJECT ADDED ENTRY--TOPICAL TERM
Topical term or geographic name as entry element International Baccalaureate.
650 ## - SUBJECT ADDED ENTRY--TOPICAL TERM
Topical term or geographic name as entry element Film.
942 ## - ADDED ENTRY ELEMENTS (KOHA)
Koha item type Audio Visual Materials
Holdings
Withdrawn status Lost status Damaged status Use restrictions Home library Current library Shelving location Date acquired Source of acquisition Total Checkouts Full call number Barcode Date last seen Date checked out Price effective from Koha item type
        Luxembourg Library Luxembourg Library Audio Visual Material Section 10/02/2007   1 DVD 820 SHA 2002 AV0901 02/06/2015 02/04/2015 04/14/2014 Audio Visual Materials

Romeo & Juliet /

APA

Shakespeare W., . (2002). Romeo & Juliet. Sl: 20th Century Fox.

Chicago

Shakespeare William, . 2002. Romeo & Juliet. Sl: 20th Century Fox.

Harvard

Shakespeare W., . (2002). Romeo & Juliet. Sl: 20th Century Fox.

MLA

Shakespeare William, . Romeo & Juliet. Sl: 20th Century Fox. 2002.

  • Place hold
  • Print
  • Cite
  • Add to your cart (remove)
  • Save record
    BIBTEX Dublin Core MARCXML MARC (non-Unicode/MARC-8) MARC (Unicode/UTF-8) MARC (Unicode/UTF-8, Standard) MODS (XML) RIS
  • More searches
    Search for this title in:
    Other Libraries (WorldCat) Other Databases (Google Scholar) Online Stores (Bookfinder.com) Open Library (openlibrary.org)

Exporting to Dublin Core...

SOUTHVILLE LIBRARY

Southville International School and Colleges Library

1281 Tropical Ave. Cor. Luxembourg St., BF Homes International, Las Pinas City

Tel. No. 8256374 / 252358 Loc. 117/146

Powered by Koha